Представление документа в формате MARC21

Поле Инд. ПП Название Значение
Тип записи a
Библиографический уровень b
001 Контрольный номер 986315177a014806a0336c4ca7990d15
005 Дата корректировки 20251121165800.1
008 Кодируемые данные 20140826
040 b Код языка каталог. rus
e Правила каталог. PSBO
041 0_ a Код языка текста rus
084 a Индекс другой классификации/Индекс ББК 74.48
100 1_ a Автор Якушева Е. Г.
q Полное имя Якушева Елена Геннадьевна
245 10 a Заглавие Критерии и уровни сформированности автономной учебной деятельности по иностранному языку студентов неязыковых специальностей
500 a Примечание Электронная версия статьи: https://doi.org/10.30853/pedagogy.2018.4.9
504 a Библиография Лит. в конце статьи
650 14 a Основная рубрика образование; профессиональное образование; высшее образование
653 1_ a Ключевые слова высшее учебное заведение (вуз)
a Ключевые слова естественнонаучное образование
a Ключевые слова изучение иностранных языков
a Ключевые слова иностранный язык
a Ключевые слова иноязычная лексика
a Ключевые слова лексика
a Ключевые слова лексические навыки
a Ключевые слова методика обучения
a Ключевые слова мотивация к обучению
a Ключевые слова неязыковые специальности
a Ключевые слова Россия
a Ключевые слова студенты
a Ключевые слова университеты
a Ключевые слова учебная автономия
a Ключевые слова учебная деятельность
a Ключевые слова учебная самостоятельность
773 08 t Заглавие источника Педагогика. Вопросы теории и практики
d Дата издания источника 2018
g Прочая информация № 4. - С. 39 - 42 : табл.
w Контрольный № источника DU/602701126
901 t Тип документа b